| 000 | 03071nkm0a2200445 4500 | ||
|---|---|---|---|
| 001 | RU\NLR\BIBL_A\022202370 | ||
| 005 | 20260407100600.0 | ||
| 035 | _a(NLR Aleph) 022202370 | ||
| 090 |
_a13321503 _c13321503 |
||
| 100 | _a20240419d1987 |||y0rusy50 ca | ||
| 101 | 0 | _arus | |
| 102 | _aRU | ||
| 116 | _aiiycxx zz ad | ||
| 135 | _acrcn 024anaba | ||
| 181 | 0 |
_ab4 _bxb2e |
|
| 182 | 0 | _an | |
| 200 | 1 |
_aВДНХ СССР _eВ майские праздничные дни приглашает ВДНХ СССР _eконцерты, веселые игры, конкурсы, аттракционы _e[плакат] _fхудожники В. Храмов, А. Смыслов _gредактор Р. Бачкова _gхудожественный редактор Б. Погорельский |
|
| 203 |
_aИзображение _bнеподвижное _bдвухмерное _bвизуальное _cнепосредственное |
||
| 210 |
_aМосква _cРедакционно-издательский отдел ВДНХ СССР _d1987 _eМосква _gТипография ВДНХ СССР |
||
| 215 |
_aна 4 л. _cфотомех. печ. _d55,2х87,9(л. [1]); 87,8х55,8 (л. [2]); 55,4х87,9 (л. [3]); 87,8х55,6 (л. [4]) |
||
| 300 | _aВ вып. данных: Подписано в печать 15.04.87 Т-09582 Зак. 724 | ||
| 325 | _aКопия доступна в Электрон. б-ке РНБ | ||
| 327 | 0 | _aФлаги с надписями "Труд", "Май", "Мир" на фоне павильонов ВДНХ | |
| 601 | 0 | 2 |
_aВыставка достижений народного хозяйства СССР _jПлакаты _91315544 _3RU\NLR\AUTH\66229816 |
| 606 | 1 |
_aРекламный плакат русский советский _92310015 _3RU\NLR\AUTH\661382555 |
|
| 686 | _aЩ153(2Р=Рус)7-466 | ||
| 700 | 1 |
_4040 _7ca _8rus _aХрамов _bВ. В. _f1940–1989 _gВладимир Васильевич _9267366 _3RU\NLR\AUTH\770267422 |
|
| 702 | 1 |
_aСмыслов _bА. _cхудожник, плакатист _4040 |
|
| 712 | 0 | 2 |
_4570 _aВыставка достижений народного хозяйства СССР _cМосква _3RU\NLR\AUTH\889927061 _9349787 |
| 712 | 0 | 2 |
_4650 _aВыставка достижений народного хозяйства СССР _bРедакционно-издательский отдел _cМосква _9878556 _3RU\NLR\AUTH\880606705 |
| 712 | 0 | 2 |
_4610 _aВыставка достижений народного хозяйства СССР _bТипография _cМосква _9878545 _3RU\NLR\AUTH\880606694 |
| 830 | _aПлакат, судя по всему, на 4 листах | ||
| 852 | 0 | 0 |
_aNLR _bЭ |
| 901 | _eИзографические материалы | ||
| 942 | _cVISUAL | ||
| 980 | _aNB | ||
| 981 | 1 | 7 |
_a(17) Изографические материалы _b(17) Плакаты |